000 00522nam a2200169Ia 4500
008 220216s9999 xx 000 0 und d
100 _aDas A
245 0 _aStudies on the effect of surfactants in polar-nonpolar elastomer blends
260 _bPapers presented at the IRMRA 18th Rubber Conference, Mumbai, January 20-21, 2000. p43-46
650 _aPolar-nonpolar elastomer blends
650 _aSurfactants
700 _aBasu D K
700 _aBiswas T
700 _aDebnath S C
700 _aNaskar N
942 _cJS
999 _c69695
_d69695